Digital Workplace Learning Bridging Formal and Informal Learning with Digital Technologies /

This book aims to provide insight into how digital technologies may bridge and enhance formal and informal workplace learning. It features four major themes: 1. Current research exploring the theoretical underpinnings of digital workplace learning. 2. Insights into available digital technologies as...

Full description

Bibliographic Details
Corporate Author: SpringerLink (Online service)
Other Authors: Ifenthaler, Dirk (Editor, http://id.loc.gov/vocabulary/relators/edt)
Format: Electronic eBook
Language:English
Published: Cham : Springer International Publishing : Imprint: Springer, 2018.
Edition:1st ed. 2018.
Subjects:
Online Access:Full Text via HEAL-Link
LEADER 04042nam a2200469 4500
001 978-3-319-46215-8
003 DE-He213
005 20191220125730.0
007 cr nn 008mamaa
008 180202s2018 gw | s |||| 0|eng d
020 |a 9783319462158  |9 978-3-319-46215-8 
024 7 |a 10.1007/978-3-319-46215-8  |2 doi 
040 |d GrThAP 
050 4 |a LC8-6691 
072 7 |a JNV  |2 bicssc 
072 7 |a EDU039000  |2 bisacsh 
072 7 |a JNV  |2 thema 
082 0 4 |a 371.33  |2 23 
245 1 0 |a Digital Workplace Learning  |h [electronic resource] :  |b Bridging Formal and Informal Learning with Digital Technologies /  |c edited by Dirk Ifenthaler. 
250 |a 1st ed. 2018. 
264 1 |a Cham :  |b Springer International Publishing :  |b Imprint: Springer,  |c 2018. 
300 |a XXIV, 325 p. 29 illus., 24 illus. in color.  |b online resource. 
336 |a text  |b txt  |2 rdacontent 
337 |a computer  |b c  |2 rdamedia 
338 |a online resource  |b cr  |2 rdacarrier 
347 |a text file  |b PDF  |2 rda 
505 0 |a Part I. Theory of Digital Workplace Learning -- Chapter 1. Theory of Digital Workplace Learning -- Chapter 2.Encouraging metacognition in digital learning environments -- Chapter 3.A new work and learn framework -- Chapter 4.Supporting informal workplace learning through analytics -- Part II. Design, Implementation and Assessment for Digital Workplace Learning -- Chapter 5.Designing competence assessment in VET for a digital future -- Chapter 6.Designing flipped learning for digital workplace learning -- Chapter 7.Workplace learning, big data, and organizational readiness: where to start? -- Chapter 8.Combining learning analytics with job market intelligence to support Learning at the workplace -- Chapter 9.Massive Open Online Courses in digital workplace learning -- Chapter 10.Creatıng a MOOC portal for workplace learning -- Chapter 11.kfz4me.de - Design-based learning settings for vocational education and training -- Part III.Case Studies and Innovative Approaches -- Chapter 12.Can learning analytics find success in didactical measurements? Results from a MOOC case study -- Chapter 13.Digitalisation of work: Between affordances and constraints for learning at work -- Chapter 14.Visual technologies to bridge the gap between school and workplace in vocational education -- Chapter 15.Learning factories in vocational schools -- Chapter 16.Online onboarding: Library workplace training in a trilingual interactive online asynchronous environment -- Chapter 17.Hive-minded: Educators, professional learning networks and knowledge exchange in the digital age. . 
520 |a This book aims to provide insight into how digital technologies may bridge and enhance formal and informal workplace learning. It features four major themes: 1. Current research exploring the theoretical underpinnings of digital workplace learning. 2. Insights into available digital technologies as well as organizational requirements for technology-enhanced learning in the workplace. 3. Issues and challenges for designing and implementing digital workplace learning as well as strategies for assessments of learning in the workplace. 4. Case studies, empirical research findings, and innovative examples from organizations which successfully adopted digital workplace learning. 
650 0 |a Educational technology. 
650 0 |a Learning. 
650 0 |a Instruction. 
650 1 4 |a Educational Technology.  |0 http://scigraph.springernature.com/things/product-market-codes/O21000 
650 2 4 |a Learning & Instruction.  |0 http://scigraph.springernature.com/things/product-market-codes/O22000 
700 1 |a Ifenthaler, Dirk.  |e editor.  |4 edt  |4 http://id.loc.gov/vocabulary/relators/edt 
710 2 |a SpringerLink (Online service) 
773 0 |t Springer eBooks 
776 0 8 |i Printed edition:  |z 9783319462141 
776 0 8 |i Printed edition:  |z 9783319462165 
776 0 8 |i Printed edition:  |z 9783319834702 
856 4 0 |u https://doi.org/10.1007/978-3-319-46215-8  |z Full Text via HEAL-Link 
912 |a ZDB-2-EDA 
950 |a Education (Springer-41171)